000 00687nam a22002177a 4500
005 20260515115049.0
008 250227b |||||||| |||| 00| 0 eng d
020 _a9789358498813
040 _aIN-DiNC
_cIN-DiNC
041 _dasm
082 _a954
_bHUS
100 _aHussain, Tachadduk Amanul
_eauthor
245 _aBharatbarshar itihas:
_bpancham khanda/1526-1750 (Major7)/
_cby Tachadduk Amanul Hussain, Pranjal Bhuyan and Plabon Bhuyan
250 _a1st ed.
260 _aDibrugarh:
_bBanalata,
_c2025.
300 _a336p.
650 _aHistory of India: part v/ 1526-1750 (Major7)
700 _aBhuyan, Pranjal
_eauthor
700 _aBhuyan, Plabon
_eauthor
942 _2ddc
_cBK
999 _c12052
_d12052